| 000 | 00710nam a22002537a 4500 | ||
|---|---|---|---|
| 003 | dpl | ||
| 005 | 20170816122348.0 | ||
| 008 | 170816b xxu||||| |||| 00| 0 eng d | ||
| 010 | _aA-770264 | ||
| 020 |
_c80.00 _a8185880859 |
||
| 035 | _aA-770364 | ||
| 037 | _bCen Lib/Ret | ||
| 040 |
_aDPL _bEN _cMD |
||
| 082 |
_a239 _2WHA |
||
| 245 |
_aWhat researchers say on Sri Shirdi Sai Baba / _cedited by S.P. Ruhela |
||
| 260 |
_aNew Delhi _bM D publications _c1995 |
||
| 270 |
_bNew Delhi _a11, Daryaganj _e110002 |
||
| 300 |
_a137p. _c20cm(Hb) |
||
| 500 | _a | ||
| 650 |
_aHinduism _y _991320 |
||
| 650 |
_aHindus _991321 |
||
| 700 |
_aRuhela, S.P _910284 |
||
| 942 |
_2ddc _cEN _h239 _mWHA |
||
| 999 |
_c124572 _d124572 |
||